French Verb Avoir - Statistics

General Stats
  • This quiz has been taken 19 times
  • The average score is 40 of 94
Answer Stats
Hint Answer % Correct
il (present) a
100%
je/j' (present) ai
100%
tu (present) as
100%
vous (present) avez
92%
ils (present) ont
92%
nous (present) avons
85%
il (future) aura
69%
je/j' (future) aurai
69%
tu (future) auras
69%
je/j' (imperfect) avais
69%
tu (imperfect) avais
69%
il (imperfect) avait
69%
je/j' (conditional) aurais
62%
tu (conditional) aurais
62%
il (conditional) aurait
62%
vous (future) aurez
62%
vous (conditional) auriez
62%
nous (conditional) aurions
62%
nous (future) aurons
62%
ils (future) auront
62%
vous (imperfect) aviez
62%
je/j' (subjunctive) aie
54%
tu (imperative) aie
54%
nous (imperfect) avions
54%
tu (subjunctive) aies
46%
ils (conditional) auraient
46%
je/j' (future perfect) aurai eu
46%
past participle eu
46%
il (passé composé) a eu
38%
ils (subjunctive) aient
38%
je/j' (passé composé) ai eu
38%
il (subjunctive) ait
38%
tu (passé composé) as eu
38%
il (future perfect) aura eu
38%
je/j' (past conditional) aurais eu
38%
tu (past conditional) aurais eu
38%
il (past conditional) aurait eu
38%
tu (future perfect) auras eu
38%
vous (future perfect) aurez eu
38%
vous (past conditional) auriez eu
38%
nous (past conditional) aurions eu
38%
nous (future perfect) aurons eu
38%
ils (future perfect) auront eu
38%
vous (passé composé) avez eu
38%
nous (passé composé) avons eu
38%
vous (subjunctive) ayez
38%
vous (imperative) ayez
38%
nous (subjunctive) ayons
38%
nous (imperative) ayons
38%
nous (passé simple) eûmes
38%
ils (passé simple) eurent
38%
je/j' (passé simple) eus
38%
tu (passé simple) eus
38%
je/j' (imperfect subj.) eusse
38%
ils (imperfect subj.) eussent
38%
tu (imperfect subj.) eusses
38%
vous (imperfect subj.) eussiez
38%
nous (imperfect subj.) eussions
38%
il (imperfect subj.) eût
38%
il (passé simple) eut
38%
vous (passé simple) eûtes
38%
ils (passé composé) ont eu
38%
ils (past conditional) auraient eu
31%
ils (past perfect) avaient eu
31%
je/j' (past perfect) avais eu
31%
tu (past perfect) avais eu
31%
il (past perfect) avait eu
31%
vous (past perfect) aviez eu
31%
nous (past perfect) avions eu
31%
nous (past anterior) eûmes eu
31%
ils (past anterior) eurent eu
31%
je/j' (past anterior) eus eu
31%
tu (past anterior) eus eu
31%
je/j' (pluperfect subj.) eusse eu
31%
ils (pluperfect subj.) eussent eu
31%
tu (pluperfect subj.) eusses eu
31%
vous (pluperfect subj.) eussiez eu
31%
nous (pluperfect subj.) eussions eu
31%
vous (past anterior) eûtes eu
31%
il (pluperfect subj.) eût eu
31%
il (past anterior) eut eu
31%
je/j' (past subjunctive) aie eu
23%
tu (past imperative) aie eu
23%
ils (past subjunctive) aient eu
23%
tu (past subjunctive) aies eu
23%
il (past subjunctive) ait eu
23%
vous (past subjunctive) ayez eu
23%
vous (past imperative) ayez eu
23%
nous (past subjunctive) ayons eu
23%
nous (past imperative) ayons eu
23%
ils (imperfect) avient
15%
past infinitive avoir eu
15%
present participle ayant
8%
perfect participle ayant eu
8%
No matching quizzes found
Score Distribution
Percent of People with Each Score
Percentile by Number Answered
Your Score History
You have not taken this quiz